Lord of the Rings by letter - M - Statistics

General Stats
  • This quiz has been taken 1,074 times
  • The average score is 15 of 22
Answer Stats
Hint Answer % Correct
The Dwarf-mines where also lives a Balrog Mines of Moria
95%
The Land of Shadow, the Realm of Sauron Mordor
94%
Aragorn and Boromir are ... Men
93%
The Continent on which everything takes place Middle-Earth
91%
Truesilver, found in Moria, Frodo wears a coat made of this material Mithril
87%
Dol Guldur lies in this Forest Mirkwood
83%
The Elvish name for Gandalf Mithrandir
83%
The Mountain Range under which the Mines of Moria lie Misty Mountains
78%
Farmer which the 4 hobbits visit when they are fleeing from the Black Riders Maggot
77%
The First Dark Lord Morgoth
77%
Previous answer's later name Minas Tirith
74%
Previous answer's later name Minas Morgul
72%
Frodo is stabbed on Weathertop by one of these Morgul-blade
64%
Other name for Orodruin Mount Doom
59%
Tower of the Moon Minas Ithil
56%
Shadowfax is lord of the ...... Mearas
54%
Tower of the Sun Minas Anor
47%
Other name for Oliphaunt Mumak
47%
The Black Gate is also named Morannon
43%
The King of Rohan is also known as the Lord of the .... Mark
39%
The Golden Hall in Edoras is also known as Meduseld
36%
A Hobbit name for a thing that they don't use, they even have a museum of them Mathoms
20%
No matching quizzes found
Score Distribution
Percent of People with Each Score
Percentile by Number Answered
Your Score History
You have not taken this quiz